000 00579nam a22001817a 4500
005 20240108115612.0
008 240108b ||||| |||| 00| 0 eng d
040 _cAL
041 _aeng
082 _223
_a511.8
_bRUDP
100 _aRudraiah N
_9147648
245 _aProceedings of the second DST-SERC School on mathematical modelling of atmospheric pollution
260 _aBangalore
_bSapna Book House
_c2002
300 _a521p.
_bPB
_c23.9x18.4cm.
650 _2General Principles
_aModeling and Simulation
_9147649
700 _aRanganna, G; et.al
_9147650
942 _2ddc
_cBK
999 _c229595
_d229595